[Event "Madrid San Viator op 18th"]
[Site "Madrid"]
[Date "2012.05.06"]
[Round "5"]
[White "Cuadrado Lopez, Francisco Javier"]
[Black "Tolosana Esteban, Enrique"]
[Result "1-0"]
[WhiteElo "1970"]
[BlackElo "1743"]
[PlyCount "121"]
[EventDate "2012.03.25"]
[EventType "swiss"]
[EventRounds "9"]
[EventCountry "ESP"]
[SourceTitle "EXT 2013"]
[Source "ChessBase"]
[SourceDate "2012.11.22"]
[SourceVersion "1"]
[SourceVersionDate "2012.11.22"]
[SourceQuality "1"]

1. Nf3 Nf6 2. g3 g6 3. Bg2 Bg7 4. 0-0 0-0 5. d3 d6 6. c3 c5 7. Nbd2 Qc7 8. Re1 b6 9. e4 Bb7 10. a4 Nc6 11. Nc4 Nd7 12. Bg5 h6 13. Bd2 Nce5 14. Ncxe5 Nxe5 15. Nxe5 dxe5 16. Qc1 h5 17. c4 Rad8 18. Bf1 Qd7 19. b4 f5 20. Bh6 f4 21. Bxg7 Kxg7 22. bxc5 bxc5 23. Qb2 Qc7 24. Ra3 f3 25. Rb1 Bc6 26. Rb3 g5 27. a5 g4 28. Qc1 Kg6 29. Qa3 Ba8 30. Rb5 Rc8 31. a6 Rf6 32. h3 Rc6 33. h4 Qd6 34. Qc1 Qf6 35. Rb8 Kf7 36. R1b5 R6c7 37. Qb2 Rxb8 38. Rxb8 Bc6 39. Rd8 Rd7 40. Qb8 Rxd8 41. Qxd8 Be8 42. Qd5+ Qe6 43. Qxc5 Qxa6 44. Qxe5 Qf6 45. Qxh5+ Kf8 46. Qc5 Qa1 47. d4 a5 48. Qf5+ Bf7 49. e5 e6 50. Qf4 Ke8 51. Qxg4 a4 52. Qxf3 a3 53. Qa8+ Ke7 54. d5 exd5 55. cxd5 a2 56. d6+ Kd7 57. Qb7+ Ke6 58. Qe7+ Kd5 59. Qxf7+ Kc6 60. Qc7+ Kd5 61. d7 1-0

[Event "Benidorm op U2200 10th"]
[Site "Benidorm"]
[Date "2011.12.04"]
[Round "3"]
[White "Diez Jover, Alberto"]
[Black "Cuadrado Lopez, Francisco Javier"]
[Result "1-0"]
[WhiteElo "1866"]
[BlackElo "1982"]
[PlyCount "63"]
[EventDate "2011.12.02"]
[EventType "swiss"]
[EventRounds "10"]
[EventCountry "ESP"]
[SourceTitle "CBM 145 Extra"]
[Source "ChessBase"]
[SourceDate "2012.01.03"]
[SourceVersion "1"]
[SourceVersionDate "2012.01.03"]
[SourceQuality "1"]

1. e4 g6 2. d4 Bg7 3. Nc3 c6 4. Be3 d6 5. Qd2 Nf6 6. Bh6 0-0 7. h4 e5 8. Nf3 exd4 9. Nxd4 Re8 10. 0-0-0 Nxe4 11. Nxe4 Rxe4 12. Bxg7 Kxg7 13. h5 g5 14. h6+ Kg8 15. Nf3 d5 16. Nxg5 Rg4 17. f4 Bf5 18. Qc3 f6 19. g3 Qf8 20. Be2 fxg5 21. Bxg4 Bxg4 22. Rde1 Nd7 23. fxg5 Qf7 24. Rh4 Nf6 25. gxf6 Be6 26. Qe5 Re8 27. Rg4+ Bxg4 28. Qxe8+ Qxe8 29. Rxe8+ Kf7 30. Re7+ Kxf6 31. Rxh7 Bh5 32. Rxb7 1-0

[Event "Madrid Oliver Gonzalez Memorial 2nd"]
[Site "Madrid"]
[Date "2011.10.14"]
[Round "7"]
[White "Cuadrado Lopez, Francisco Javier"]
[Black "Galan Aguado, Fernando"]
[Result "1-0"]
[WhiteElo "1967"]
[BlackElo "1779"]
[PlyCount "49"]
[EventDate "2011.10.08"]
[EventType "swiss"]
[EventRounds "9"]
[EventCountry "ESP"]
[SourceTitle "CBM 144 Extra"]
[Source "ChessBase"]
[SourceDate "2011.10.28"]
[SourceVersion "1"]
[SourceVersionDate "2011.10.28"]
[SourceQuality "1"]

1. e4 e6 2. d4 d5 3. Nc3 dxe4 4. Nxe4 Bd7 5. Nf3 Bc6 6. Bd3 Nd7 7. 0-0 Ngf6 8. Ng3 Be7 9. Re1 0-0 10. c3 b6 11. Qe2 Re8 12. Bc2 Bb7 13. Bd2 a5 14. a3 c5 15. Ba4 Ba6 16. c4 cxd4 17. Nxd4 Bf8 18. Bg5 Rb8 19. b3 Bb7 20. Bxf6 gxf6 21. Qg4+ Kh8 22. Rad1 Bxa3 23. Nxe6 Rxe6 24. Rxe6 fxe6 25. Rxd7 1-0

[Event "Madrid Oliver Gonzalez Memorial 2nd"]
[Site "Madrid"]
[Date "2011.10.11"]
[Round "4"]
[White "Moreno Tejera, Emilio"]
[Black "Cuadrado Lopez, Francisco Javier"]
[Result "1-0"]
[WhiteElo "2280"]
[BlackElo "1967"]
[PlyCount "79"]
[EventDate "2011.10.08"]
[EventType "swiss"]
[EventRounds "9"]
[EventCountry "ESP"]
[SourceTitle "CBM 144 Extra"]
[Source "ChessBase"]
[SourceDate "2011.10.28"]
[SourceVersion "1"]
[SourceVersionDate "2011.10.28"]
[SourceQuality "1"]

1. e4 c5 2. Nc3 Nc6 3. f4 g6 4. Nf3 d6 5. Bc4 e6 6. 0-0 Bg7 7. d3 a6 8. a4 Nge7 9. Qe1 0-0 10. f5 d5 11. Bb3 exf5 12. exd5 Nd4 13. Bg5 Re8 14. Qh4 Qd6 15. Rae1 Nxf3+ 16. Rxf3 Bd4+ 17. Kh1 f6 18. Bf4 Be5 19. Bxe5 fxe5 20. Rfe3 g5 21. Qxg5+ Ng6 22. h4 Kh8 23. h5 Rg8 24. Qh6 Bd7 25. Rh3 Be8 26. hxg6 Bxg6 27. Rhe3 Rae8 28. Qh2 f4 29. Rh3 Rg7 30. Rh6 Qe7 31. Qh4 Qf8 32. Rf1 Rd8 33. Ne4 Rdd7 34. Ng5 Bf5 35. Ne6 Bxe6 36. dxe6 Rde7 37. Qf6 Qb8 38. Rh5 b5 39. Qxe5 Qb7 40. Bd5 1-0

[Event "Madrid-ch sf-B"]
[Site "Madrid"]
[Date "2011.02.04"]
[Round "8"]
[White "Cuadrado Lopez, Francisco Javier"]
[Black "Lopez Garralon, Miguel"]
[Result "1/2-1/2"]
[WhiteElo "1957"]
[BlackElo "1895"]
[PlyCount "58"]
[EventDate "2011.01.14"]
[EventType "swiss"]
[EventRounds "9"]
[EventCountry "ESP"]
[SourceTitle "CBM 140 Extra"]
[Source "ChessBase"]
[SourceDate "2011.03.01"]
[SourceVersion "1"]
[SourceVersionDate "2011.03.01"]
[SourceQuality "1"]

1. d4 d6 2. c4 Nf6 3. Nc3 Nbd7 4. Nf3 e5 5. dxe5 dxe5 6. e4 c6 7. a3 a5 8. Be2 Qc7 9. 0-0 Nc5 10. Qc2 Be7 11. Be3 0-0 12. h3 Be6 13. Ng5 h6 14. Nf3 Rfd8 15. Rfd1 Bf8 16. b3 Nfd7 17. Rac1 b5 18. Nd5 cxd5 19. cxd5 Bxh3 20. gxh3 Qb6 21. Nxe5 Nxe5 22. Bxc5 Qg6+ 23. Kf1 Bxc5 24. Qxc5 Qxe4 25. Bxb5 Qh1+ 26. Ke2 Qf3+ 27. Ke1 Qh1+ 28. Ke2 Qf3+ 29. Ke1 Qh1+ 1/2-1/2

[Event "Madrid-ch sf-B"]
[Site "Madrid"]
[Date "2011.01.29"]
[Round "7"]
[White "Bermejo Arruego, Luis"]
[Black "Cuadrado Lopez, Francisco Javier"]
[Result "1/2-1/2"]
[WhiteElo "2194"]
[BlackElo "1957"]
[PlyCount "121"]
[EventDate "2011.01.14"]
[EventType "swiss"]
[EventRounds "9"]
[EventCountry "ESP"]
[SourceTitle "CBM 140 Extra"]
[Source "ChessBase"]
[SourceDate "2011.03.01"]
[SourceVersion "1"]
[SourceVersionDate "2011.03.01"]
[SourceQuality "1"]

1. e4 g6 2. d4 Bg7 3. Nc3 c6 4. Nf3 d5 5. e5 f6 6. Bf4 Nh6 7. Qd2 Nf7 8. h3 0-0 9. exf6 exf6 10. Bd3 Re8+ 11. Ne2 Nd6 12. 0-0 Ne4 13. Qc1 a6 14. a4 b6 15. c4 Bb7 16. cxd5 cxd5 17. Bc7 Qd7 18. Bxb6 Nc6 19. Bc5 Rac8 20. Qe1 Nxc5 21. dxc5 Ne5 22. Nxe5 fxe5 23. Nc3 Rxc5 24. Qe2 Qc6 25. f3 e4 26. fxe4 dxe4 27. Rae1 Bd4+ 28. Kh1 Bxc3 29. bxc3 Rxc3 30. Qa2+ Qe6 31. Bb1 Bd5 32. Qd2 e3 33. Qb2 Rec8 34. Kg1 Qe5 35. Ba2 Qe6 36. Bxd5 Qxd5 37. Re2 Qc4 38. Qa2 Re8 39. Rfe1 Qxa2 40. Rxa2 Re5 41. Ree2 Kf7 42. Kh2 Ke6 43. Rab2 Kf5 44. Rb4 a5 45. g4+ Ke6 46. Rd4 h5 47. Kg3 hxg4 48. hxg4 Rb3 49. Kf3 g5 50. Re4 Rxe4 51. Kxe4 Rb4+ 52. Kxe3 Rxa4 53. Kf3+ Kf6 54. Rc2 Rf4+ 55. Kg3 a4 56. Rc6+ Kf7 57. Rc5 Kg6 58. Ra5 Kf6 59. Ra6+ Ke5 60. Rg6 Ke4 61. Rxg5 1/2-1/2

[Event "Benidorm op U2000 09th"]
[Site "Benidorm"]
[Date "2010.12.08"]
[Round "7"]
[White "Cuadrado Lopez, Francisco Javier"]
[Black "Burlacu, Laurentiu"]
[Result "0-1"]
[WhiteElo "1984"]
[BlackElo "1955"]
[PlyCount "69"]
[EventDate "2010.12.03"]
[EventType "swiss"]
[EventRounds "10"]
[EventCountry "ESP"]
[SourceTitle "CBM 139 Extra"]
[Source "ChessBase"]
[SourceDate "2011.01.05"]
[SourceVersion "1"]
[SourceVersionDate "2011.01.05"]
[SourceQuality "1"]

1. g3 e5 2. Bg2 Nc6 3. c4 f5 4. Nc3 Nf6 5. e3 Bc5 6. Nge2 d6 7. a3 Bb6 8. 0-0 0-0 9. Nd5 Ne7 10. Nxb6 axb6 11. d4 e4 12. Qb3 d5 13. Nf4 c6 14. cxd5 Nexd5 15. Bd2 Kh8 16. Nxd5 Nxd5 17. f3 Nf6 18. Qc2 Qd5 19. fxe4 fxe4 20. Bxe4 Qh5 21. Bf3 Bg4 22. Qd1 h6 23. Qe2 Rae8 24. Rae1 Bxf3 25. Rxf3 Qg6 26. Bb4 Rf7 27. Ref1 Rd7 28. Bc3 Kh7 29. Rf4 Nd5 30. Rg4 Rxe3 31. Qd1 Qe6 32. Qc2+ Kg8 33. Rg6 Qe4 34. Qxe4 Rxe4 35. Re1 0-1

[Event "Madrid Oliver Gonzalez Memorial 1st"]
[Site "Madrid"]
[Date "2010.10.11"]
[Round "3"]
[White "Cueto Chajtur, Johny"]
[Black "Cuadrado Lopez, Francisco Javier"]
[Result "1-0"]
[WhiteElo "2301"]
[BlackElo "1971"]
[PlyCount "111"]
[EventDate "2010.10.09"]
[EventType "swiss"]
[EventRounds "9"]
[EventCountry "ESP"]
[SourceTitle "CBM 138 Extra"]
[Source "ChessBase"]
[SourceDate "2010.10.29"]
[SourceVersion "1"]
[SourceVersionDate "2010.10.29"]
[SourceQuality "1"]

1. d4 f5 2. Bf4 Nf6 3. e3 e6 4. Be2 b6 5. Bf3 Nc6 6. h3 Bb7 7. g4 Bd6 8. Bxd6 cxd6 9. gxf5 exf5 10. Nc3 a6 11. Nge2 Qc7 12. Nf4 Ne7 13. Rg1 g6 14. d5 Qc5 15. Qd2 b5 16. 0-0-0 Kf7 17. h4 Rhg8 18. a3 Qb6 19. Qd4 Qxd4 20. Rxd4 Rac8 21. a4 Rc5 22. axb5 axb5 23. Nd3 Rc4 24. Nxb5 Rxd4 25. Nxd6+ Kf8 26. exd4 Bxd5 27. Bxd5 Nexd5 28. c4 Ke7 29. Nxf5+ gxf5 30. Rxg8 Nxg8 31. cxd5 Nf6 32. Nf4 Kd6 33. Kd2 Kc7 34. f3 Kb6 35. Kd3 Kb5 36. Kc3 h6 37. Kb3 Ng8 38. Ne2 Ne7 39. Nc3+ Kb6 40. d6 Ng6 41. Nd5+ Kb5 42. h5 Nh4 43. Ne7 f4 44. Kc3 Nxf3 45. Kd3 Ng5 46. Nf5 Kc6 47. Nxh6 Kxd6 48. Ng4 Ke6 49. b4 d5 50. b5 Kd6 51. h6 Kc7 52. Nf6 Kb6 53. h7 Nf7 54. Nxd5+ Kxb5 55. Nxf4 Nh8 56. Ke4 1-0

[Event "Madrid Oliver Gonzalez Memorial 1st"]
[Site "Madrid"]
[Date "2010.10.09"]
[Round "1"]
[White "Roa Alonso, Santiago"]
[Black "Cuadrado Lopez, Francisco Javier"]
[Result "1-0"]
[WhiteElo "2454"]
[BlackElo "1971"]
[PlyCount "101"]
[EventDate "2010.10.09"]
[EventType "swiss"]
[EventRounds "9"]
[EventCountry "ESP"]
[SourceTitle "CBM 138 Extra"]
[Source "ChessBase"]
[SourceDate "2010.10.29"]
[SourceVersion "1"]
[SourceVersionDate "2010.10.29"]
[SourceQuality "1"]

1. d4 Nf6 2. c4 e6 3. Nc3 d5 4. Bg5 Be7 5. e3 b6 6. Nf3 Bb7 7. Bxf6 Bxf6 8. cxd5 exd5 9. Qa4+ c6 10. Bd3 0-0 11. h4 Nd7 12. Qc2 g6 13. h5 Qe7 14. hxg6 fxg6 15. 0-0-0 b5 16. Rh3 Rf7 17. Ne2 Nf8 18. Kb1 Rc8 19. Nf4 Rg7 20. Rc1 Rc7 21. Nd2 Bc8 22. Rhh1 Be6 23. Nb3 Bf7 24. Bxb5 Be8 25. Bd3 Ne6 26. Nxe6 Qxe6 27. Nc5 Qc8 28. f4 Be7 29. Ba6 Qg4 30. Qe2 Qxe2 31. Bxe2 Bxc5 32. Rxc5 Rge7 33. Rc3 h5 34. Kc2 Bd7 35. Kd2 Bf5 36. Rhc1 Re6 37. Rc5 Rb7 38. b3 Rb6 39. g3 Kg7 40. Ra5 Re7 41. Ra6 Rc7 42. Ra5 Kh6 43. Rxd5 Re7 44. Rd6 Be4 45. Bd3 Bxd3 46. Kxd3 Ra6 47. Rcxc6 Rxa2 48. Rxg6+ Kh7 49. Rh6+ Kg7 50. Rcg6+ Kf7 51. f5 1-0

[Event "Madrid Villaverde op 13th"]
[Site "Madrid"]
[Date "2010.06.28"]
[Round "1"]
[White "Cuadrado Lopez, Francisco Javier"]
[Black "Garcia Alonso, David"]
[Result "1-0"]
[WhiteElo "1951"]
[BlackElo "1468"]
[PlyCount "111"]
[EventDate "2010.06.28"]
[EventType "swiss"]
[EventRounds "9"]
[EventCountry "ESP"]
[SourceTitle "EXT 2011"]
[Source "ChessBase"]
[SourceDate "2010.11.26"]
[SourceVersion "1"]
[SourceVersionDate "2010.11.26"]
[SourceQuality "1"]

1. d4 Nf6 2. c4 g6 3. Nc3 Bg7 4. e4 d6 5. Be2 0-0 6. h4 c5 7. Be3 Re8 8. dxc5 dxc5 9. h5 Qxd1+ 10. Rxd1 b6 11. hxg6 hxg6 12. Bf3 Bg4 13. e5 Bxf3 14. exf6 Bxd1 15. fxg7 Kxg7 16. Nxd1 Rh8 17. Nh3 Nd7 18. Nc3 Nf6 19. f3 Rh7 20. Kf2 Rah8 21. Rd1 e6 22. Bg5 Rh5 23. b3 Nh7 24. Bc1 Nf6 25. Bb2 Kf8 26. Nd5 exd5 27. Bxf6 Rg8 28. cxd5 Rf5 29. Bd8 Kg7 30. Bc7 Kf6 31. g4 Re5 32. d6 Ke6 33. d7 Rd5 34. Rxd5 Kxd5 35. d8Q+ Rxd8 36. Bxd8 Kd6 37. Nf4 Kd7 38. Bf6 Ke8 39. Ke3 Kd7 40. Ke4 Kd6 41. Be5+ Kc6 42. Nd3 b5 43. Bf6 Kd6 44. Ne5 Ke6 45. g5 a5 46. Nc6 a4 47. Nd8+ Kd6 48. Nxf7+ Ke6 49. Nh8 axb3 50. axb3 c4 51. bxc4 bxc4 52. Nxg6 c3 53. Bxc3 Kf7 54. Nh4 Kg8 55. Kf5 Kf7 56. g6+ 1-0

[Event "Galapagar op 10th"]
[Site "Galapagar"]
[Date "2009.07.21"]
[Round "4"]
[White "Cuadrado Lopez, Francisco Javier"]
[Black "Diaz Begonte, Manuel"]
[Result "1-0"]
[WhiteElo "1937"]
[BlackElo "1782"]
[PlyCount "125"]
[EventDate "2009.07.18"]
[EventType "swiss"]
[EventRounds "9"]
[EventCountry "ESP"]
[SourceTitle "EXT 2010"]
[Source "ChessBase"]
[SourceDate "2010.11.25"]
[SourceVersion "1"]
[SourceVersionDate "2010.11.25"]
[SourceQuality "1"]

1. Nf3 d5 2. g3 c6 3. Bg2 Nd7 4. 0-0 e5 5. d3 Bd6 6. Nbd2 Ne7 7. e4 d4 8. Nc4 Bc7 9. c3 c5 10. cxd4 cxd4 11. Qa4 0-0 12. Qa3 Ng6 13. Bd2 Nb6 14. b3 Bg4 15. h3 Bxf3 16. Bxf3 Nxc4 17. bxc4 Qd7 18. Bg4 Qc6 19. Rab1 Bd6 20. Qb3 b6 21. h4 Bc5 22. Qd1 Ne7 23. Bh3 f5 24. exf5 Nxf5 25. Bg2 Qg6 26. h5 Qd6 27. Bxa8 Rxa8 28. Qf3 Rf8 29. Qe4 Qf6 30. Rbe1 Bd6 31. a4 a5 32. Rb1 Bb4 33. Bxb4 axb4 34. Qf3 Qd6 35. Qd5+ Qxd5 36. cxd5 Ne7 37. d6 Nd5 38. Rfe1 Rd8 39. Rxe5 Rxd6 40. f4 Kf7 41. Kf2 Kf6 42. Kf3 h6 43. Rb2 g6 44. hxg6 Kxg6 45. Rxd5 Rxd5 46. Rxb4 Rd6 47. Ke4 Re6+ 48. Kxd4 Kf5 49. Rb5+ Kg4 50. Re5 Rd6+ 51. Ke4 Kxg3 52. f5 h5 53. Re6 Rd7 54. Rg6+ Kh3 55. Rxb6 Ra7 56. Rb4 h4 57. Kf3 Rg7 58. f6 Rg3+ 59. Kf2 Rxd3 60. f7 Rd2+ 61. Ke3 Rd8 62. Rf4 Rf8 63. Kf3 1-0

[Event "NATO-ch 20th"]
[Site "Hammelburg"]
[Date "2009.06.18"]
[Round "5"]
[White "Cappon, Kaan"]
[Black "Cuadrado Lopez, Francisco Javier"]
[Result "1-0"]
[WhiteElo "1877"]
[BlackElo "1941"]
[PlyCount "66"]
[EventDate "2009.06.15"]
[EventType "swiss"]
[EventRounds "7"]
[EventCountry "GER"]
[SourceTitle "CBM 130 Extra"]
[Source "ChessBase"]
[SourceDate "2009.07.02"]
[SourceVersion "2"]
[SourceVersionDate "2009.07.15"]
[SourceQuality "1"]

1. e4 g6 2. d4 Bg7 3. Nc3 c6 4. Nf3 d6 5. Bc4 Nf6 6. Be3 0-0 7. Qd2 b5 8. Bd3 a5 9. 0-0 Ba6 10. Ne2 Nbd7 11. Ng3 c5 12. c3 c4 13. Bc2 Rb8 14. a3 Ng4 15. Rfd1 Nxe3 16. Qxe3 Nf6 17. e5 Nd5 18. Qe1 Bb7 19. exd6 exd6 20. Qd2 Qd7 21. Re1 Rfe8 22. Rxe8+ Rxe8 23. Re1 Rxe1+ 24. Qxe1 Nf4 25. Be4 d5 26. Bc2 f6 27. Ne2 Nxg2 28. Kxg2 Bc8 29. Neg1 Qg4+ 30. Kf1 Kf7 31. Qe3 Qh5 32. Qf4 Bg4 33. Ne5+ Ke6 1-0

[Event "NATO-ch 20th"]
[Site "Hammelburg"]
[Date "2009.06.16"]
[Round "2"]
[White "Cuadrado Lopez, Francisco Javier"]
[Black "De Haan, Eric"]
[Result "0-1"]
[WhiteElo "1941"]
[BlackElo "2353"]
[PlyCount "62"]
[EventDate "2009.06.15"]
[EventType "swiss"]
[EventRounds "7"]
[EventCountry "GER"]
[SourceTitle "CBM 130 Extra"]
[Source "ChessBase"]
[SourceDate "2009.07.02"]
[SourceVersion "2"]
[SourceVersionDate "2009.07.15"]
[SourceQuality "1"]

1. e4 c5 2. Nf3 e6 3. d3 Nc6 4. g3 d5 5. Nbd2 Nf6 6. Bg2 b6 7. 0-0 Be7 8. Re1 Qc7 9. c3 Ba6 10. Qc2 Rd8 11. e5 Nd7 12. d4 cxd4 13. cxd4 Rc8 14. Qa4 Nb4 15. Nb3 b5 16. Qa3 Qb6 17. Nc5 Nxc5 18. Qxb4 Nd3 19. Qd2 Nxe1 20. Qxe1 b4 21. b3 0-0 22. Qd1 Rc3 23. Bd2 Rc7 24. Be3 Rfc8 25. Ne1 Qb5 26. Qg4 Qe2 27. Nf3 Bd3 28. Bh6 Bg6 29. Re1 Qxa2 30. Bg5 Bxg5 31. Nxg5 Rc1 0-1

[Event "Collado Villalba op-B 25th"]
[Site "Collado Villalba"]
[Date "2008.08.27"]
[Round "6"]
[White "Cuadrado Lopez, Francisco Javier"]
[Black "Morona Minguez, Irene"]
[Result "1/2-1/2"]
[WhiteElo "1925"]
[BlackElo "1714"]
[PlyCount "81"]
[EventDate "2008.08.22"]
[EventType "swiss"]
[EventRounds "7"]
[EventCountry "ESP"]
[SourceTitle "CBM 126 Extra"]
[Source "ChessBase"]
[SourceDate "2008.11.05"]
[SourceVersion "1"]
[SourceVersionDate "2008.11.05"]
[SourceQuality "1"]

1. b3 e5 2. Bb2 Nc6 3. c4 g6 4. e3 Bg7 5. g3 Nge7 6. Bg2 0-0 7. Ne2 d6 8. 0-0 Bg4 9. a3 Qd7 10. Nbc3 Bh3 11. e4 Bxg2 12. Kxg2 f5 13. f3 fxe4 14. Nxe4 Nf5 15. b4 Rae8 16. N2c3 h6 17. Nd5 Rf7 18. Ne3 Ncd4 19. Rc1 Ref8 20. Rc3 c6 21. Nxf5 Rxf5 22. h3 b6 23. c5 dxc5 24. bxc5 bxc5 25. Nxc5 Qd5 26. Ne4 Nxf3 27. Rcxf3 Rxf3 28. Rxf3 Qxe4 29. Bc3 Qxf3+ 30. Qxf3 Rxf3 31. Kxf3 Bf8 32. a4 Kf7 33. Ke4 Ke6 34. Bxe5 Bb4 35. d3 a6 36. Bg7 Bd2 37. g4 Bc1 38. Bf8 h5 39. Bb4 Bb2 40. Bc5 Be5 41. Bd4 1/2-1/2

[Event "Madrid Codes Memorial 2nd"]
[Site "Madrid"]
[Date "2008.05.18"]
[Round "6"]
[White "Sancho Diaz, Santiago"]
[Black "Cuadrado Lopez, Francisco Javier"]
[Result "0-1"]
[WhiteElo "1918"]
[BlackElo "1934"]
[PlyCount "100"]
[EventDate "2008.04.13"]
[EventType "swiss"]
[EventRounds "9"]
[EventCountry "ESP"]
[SourceTitle "EXT 2009"]
[Source "ChessBase"]
[SourceDate "2008.11.26"]
[SourceVersion "1"]
[SourceVersionDate "2008.11.26"]
[SourceQuality "1"]

1. e4 d6 2. d4 Nf6 3. Nc3 g6 4. Nf3 Bg7 5. Be2 0-0 6. 0-0 Nc6 7. d5 Ne5 8. Nxe5 dxe5 9. Bg5 Ne8 10. Bc4 Nd6 11. Bb3 b5 12. a3 a5 13. Re1 h6 14. Bh4 Kh7 15. a4 b4 16. Nb5 Ba6 17. Nxd6 Qxd6 18. Qd2 f5 19. f3 g5 20. Bf2 f4 21. c4 c5 22. Rad1 Rf6 23. h3 h5 24. Kf1 g4 25. hxg4 hxg4 26. Ke2 Rg6 27. Rh1+ Kg8 28. Rdg1 g3 29. Be1 Rh6 30. Rxh6 Qxh6 31. Qd3 Rd8 32. Bc2 Qh2 33. Kf1 Kf7 34. b3 Bf6 35. Bd2 Ke8 36. Bc1 Kd7 37. Qe2 Kd6 38. Bb2 Rh8 39. Bd3 Bc8 40. Qc2 Bd7 41. Qe2 Rh6 42. Qc2 Qh5 43. Qe2 Qg5 44. Ke1 Rh2 45. Bc1 Qh5 46. Qf1 Qh6 47. Be2 Bh3 48. Bd1 Qh4 49. Kd2 Bxg2 50. Rxg2 Qh3 0-1

[Event "Madrid Codes Memorial 2nd"]
[Site "Madrid"]
[Date "2008.05.11"]
[Round "5"]
[White "Cuadrado Lopez, Francisco Javier"]
[Black "Rollano Carcajona, Ruben"]
[Result "1-0"]
[WhiteElo "1934"]
[BlackElo "1733"]
[PlyCount "91"]
[EventDate "2008.04.13"]
[EventType "swiss"]
[EventRounds "9"]
[EventCountry "ESP"]
[SourceTitle "EXT 2009"]
[Source "ChessBase"]
[SourceDate "2008.11.26"]
[SourceVersion "1"]
[SourceVersionDate "2008.11.26"]
[SourceQuality "1"]

1. e4 c6 2. d4 d5 3. exd5 cxd5 4. c4 Nf6 5. Nc3 e6 6. Nf3 Be7 7. Bd3 dxc4 8. Bxc4 0-0 9. 0-0 b6 10. Qe2 Bb7 11. Rd1 Qc7 12. Bb3 Nc6 13. Bg5 Na5 14. Bc2 Qc4 15. Bd3 Qc7 16. Rac1 Qd8 17. Bb1 Nd5 18. Bxe7 Qxe7 19. Ne4 h6 20. Ng3 Rac8 21. Qd3 Nf6 22. Nh5 g6 23. Ng3 Rxc1 24. Rxc1 Bd5 25. Ne5 h5 26. f3 Nb7 27. Qd2 Nh7 28. Rc3 Qg5 29. Qc2 Nd6 30. a4 b5 31. Ne4 Nxe4 32. fxe4 b4 33. Rg3 Qf4 34. Rf3 Qxe4 35. Qxe4 Bxe4 36. Bxe4 Ng5 37. Re3 Rd8 38. Nc6 Rd6 39. Nxa7 Rxd4 40. Bd3 Rd7 41. Nc6 Rd6 42. Nxb4 Rd4 43. Nc2 Rxa4 44. b4 Ra2 45. Re5 f5 46. h4 1-0

[Event "Madrid Codes Memorial 2nd"]
[Site "Madrid"]
[Date "2008.05.04"]
[Round "4"]
[White "Ramos Pinto, Jose Maria"]
[Black "Cuadrado Lopez, Francisco Javier"]
[Result "0-1"]
[WhiteElo "1554"]
[BlackElo "1934"]
[PlyCount "62"]
[EventDate "2008.04.13"]
[EventType "swiss"]
[EventRounds "9"]
[EventCountry "ESP"]
[SourceTitle "EXT 2009"]
[Source "ChessBase"]
[SourceDate "2008.11.26"]
[SourceVersion "1"]
[SourceVersionDate "2008.11.26"]
[SourceQuality "1"]

1. e4 g6 2. d4 Bg7 3. c4 d6 4. Nc3 Nf6 5. Be2 0-0 6. Nf3 a5 7. h3 Na6 8. a3 c5 9. d5 Nc7 10. Be3 Bd7 11. Qd2 Rb8 12. a4 Na6 13. 0-0 Re8 14. Rad1 Qb6 15. Ne1 Rbd8 16. f4 Bc8 17. e5 dxe5 18. fxe5 Nh5 19. Bxh5 gxh5 20. Qf2 Qg6 21. Nf3 Bxh3 22. Nh4 Qg4 23. Qxf7+ Kh8 24. Rf4 Rf8 25. Qxf8+ Rxf8 26. Rxg4 Bxg4 27. Re1 Bxe5 28. Bh6 Bd4+ 29. Kh2 Rf7 30. Bg5 Nb4 31. Bd2 Nd3 0-1

[Event "Madrid Codes Memorial 2nd"]
[Site "Madrid"]
[Date "2008.04.27"]
[Round "3"]
[White "Cuadrado Lopez, Francisco Javier"]
[Black "Cabanas Bravo, Juan Andres"]
[Result "0-1"]
[WhiteElo "1934"]
[BlackElo "2014"]
[PlyCount "88"]
[EventDate "2008.04.13"]
[EventType "swiss"]
[EventRounds "9"]
[EventCountry "ESP"]
[SourceTitle "EXT 2009"]
[Source "ChessBase"]
[SourceDate "2008.11.26"]
[SourceVersion "1"]
[SourceVersionDate "2008.11.26"]
[SourceQuality "1"]

1. e4 e5 2. Nf3 Nc6 3. Bb5 a6 4. Bxc6 dxc6 5. 0-0 Qd6 6. Na3 Qe6 7. b3 Ne7 8. Nc4 Ng6 9. Bb2 f6 10. d4 exd4 11. Nxd4 Qg4 12. Re1 Bb4 13. Re3 Qxd1+ 14. Rxd1 Bg4 15. f3 Bc8 16. a3 Bc5 17. b4 Ba7 18. Kf1 0-0 19. Red3 c5 20. bxc5 Bxc5 21. Nb3 Be7 22. Ne3 Bd6 23. g3 Be5 24. Bc1 b6 25. Nd4 a5 26. Kg2 Ba6 27. c4 Bd6 28. Ndf5 Ne5 29. Rc3 Rfd8 30. Nxd6 Rxd6 31. Rxd6 cxd6 32. f4 Nf7 33. Rb3 Rb8 34. Kf2 Kf8 35. Nd5 Bxc4 36. Rxb6 Rc8 37. Nc3 g5 38. Ke3 gxf4+ 39. gxf4 Rc5 40. f5 Bf1 41. Kd4 Rc4+ 42. Kd5 Rxc3 43. Bb2 Bc4+ 44. Kd4 Rb3 0-1

[Event "Patrimonio op 2nd"]
[Site "Alcala de Henares"]
[Date "2007.10.11"]
[Round "5"]
[White "Gago Padreny, Ignacio"]
[Black "Cuadrado Lopez, Francisco Javier"]
[Result "1-0"]
[WhiteElo "2157"]
[BlackElo "1952"]
[PlyCount "65"]
[EventDate "2007.10.07"]
[EventType "swiss"]
[EventRounds "9"]
[EventCountry "ESP"]
[SourceTitle "EXT 2008"]
[Source "ChessBase"]
[SourceDate "2007.11.25"]
[SourceVersion "1"]
[SourceVersionDate "2007.11.25"]
[SourceQuality "1"]

1. d4 d6 2. Nf3 Nf6 3. c4 g6 4. Nc3 Bg7 5. e4 0-0 6. Be2 e5 7. 0-0 Nc6 8. d5 Ne7 9. b4 Ne8 10. c5 f5 11. Nd2 Nf6 12. Ba3 a6 13. Qb3 Kh8 14. f3 Neg8 15. b5 Ne8 16. Nc4 Rf6 17. b6 Bf8 18. bxc7 Qxc7 19. cxd6 Nxd6 20. Nxe5 Nh6 21. Nd3 fxe4 22. fxe4 Rxf1+ 23. Rxf1 Bg7 24. e5 Nb5 25. Nxb5 axb5 26. e6 Bd4+ 27. Kh1 Nf5 28. Qb4 Bxe6 29. dxe6 Qg7 30. g4 Rg8 31. gxf5 gxf5 32. Qxd4 Qxd4 33. Bb2 1-0

[Event "Patrimonio op 2nd"]
[Site "Alcala de Henares"]
[Date "2007.10.09"]
[Round "3"]
[White "Benito Mellado, Humberto"]
[Black "Cuadrado Lopez, Francisco Javier"]
[Result "0-1"]
[WhiteElo "1635"]
[BlackElo "1952"]
[PlyCount "90"]
[EventDate "2007.10.07"]
[EventType "swiss"]
[EventRounds "9"]
[EventCountry "ESP"]
[SourceTitle "EXT 2008"]
[Source "ChessBase"]
[SourceDate "2007.11.25"]
[SourceVersion "1"]
[SourceVersionDate "2007.11.25"]
[SourceQuality "1"]

1. d4 Nf6 2. c4 g6 3. g3 Bg7 4. Bg2 0-0 5. e4 d6 6. Ne2 e5 7. dxe5 dxe5 8. Qxd8 Rxd8 9. 0-0 Be6 10. b3 Na6 11. Nbc3 c6 12. Rd1 Rxd1+ 13. Nxd1 Rd8 14. Ndc3 Nb4 15. Be3 Nc2 16. Rd1 Rxd1+ 17. Nxd1 Nxe3 18. Nxe3 Bf8 19. Nc1 Nd7 20. h3 h5 21. Nd3 f6 22. g4 Nc5 23. Nb2 Bh6 24. gxh5 gxh5 25. Nf5 Bc1 26. Nd1 Bxf5 27. exf5 Kg7 28. Bf3 Kh6 29. h4 Nd3 30. Kf1 Ba3 31. Ke2 Nc1+ 32. Kd2 Nxa2 33. Ne3 Bb4+ 34. Kd3 Be1 35. Nd1 Bb4 36. Be4 Nc1+ 37. Kc2 Ne2 38. Nb2 Nd4+ 39. Kb1 Nxb3 40. Nd3 Nd2+ 41. Kc2 Nxe4 42. Nxb4 Nxf2 43. Kd2 Ne4+ 44. Ke3 Nd6 45. Nd3 Nxc4+ 0-1